[Event "Masters 2023"]
[Site "Lusail, Qatar"]
[Date "2023.10.20"]
[Round "9"]
[White "Abdusattorov, Nodirbek"]
[Black "Erigaisi, Arjun"]
[Result "1-0"]
[WhiteElo "2716"]
[BlackElo "2712"]
[EventDate "2023.??.??"]
[Annotator "rafael"]
[PlyCount "97"]
[Beauty "7083474824276"]
[EventType "team-tourn"]
[EventCountry "QAT"]
[TimeControl "5400+30"]

1.c4 e6 2.Nc3 d5 3.d4 c6 4.e4 {This variation is known as the \"Marshall Gambit.\" This is the only case of a player who has two excellent gambits named after him, one with White and one with Black.} 4...dxe4 5.Nxe4 Bb4+ 6.Bd2 {The most critical move.} ( 6.Nc3 {is not very dangerous after} 6...e5 $1 {[%c_effect e5;square;e5;type;GreatFind;persistent;true]} ) 6...Qxd4 7.Bxb4 Qxe4+ 8.Be2 ( 8.Ne2 {also has tons of theory.} ) 8...Na6 9.Bd6 ( 9.Ba5 {This move was played against Erigaisi in 2023. This information is important to understand the story behind this game, as Abdusattorov expected this opening and did an excellent job with his opening preparation.} 9...b6 10.Qd6 $1 {[%c_effect d6;square;d6;type;GreatFind;persistent;true]} 10...e5 ( 10...Bd7 {is a good alternative.} ) 11.Bc3 Ne7 12.Qxe5 Qxe5 13.Bxe5 f6 14.Bc3 Nc5 15.O-O-O Kf7 {with an equal position in Wei-Erigaisi, Dubai (rapid) 2023.} ) 9...Qxg2 10.Bf3 {This move had already been played by Abdusattorov before.} ( 10.Qd2 {is the most popular choice. I prepared this move before facing GM Shulman in the 2007 World Cup. My conclusion at the time was that White was better, but computers have advanced a lot since then.} 10...Nf6 ( 10...e5 {is an important alternative.} ) 11.Bf3 Qg6 12.O-O-O e5 13.Bxe5 Be6 $1 {[%c_effect e6;square;e6;type;GreatFind;persistent;true] Black's position is acceptable. An important game continued:} ( 13...O-O $6 {[%c_effect g8;square;g8;type;Inaccuracy;persistent;true] was the move chosen by my opponent.} 14.Ne2 Qf5 {Here I missed a big chance.} 15.Bd6 $2 {[%c_effect d6;square;d6;type;Mistake;persistent;true]} ( 15.Qe3 $1 {[%c_effect e3;square;e3;type;GreatFind;persistent;true] gives White a winning advantage, according to modern computers.} ) 15...Rd8 {with equality in Leitao-Shulman, FIDE World Cup Khanty-Mansiysk 2007.} ) 14.Ne2 Qf5 15.Bf4 Qc5 16.Nc3 Qxc4 17.Be2 Qb4 18.Bxa6 bxa6 19.Bd6 Qb7 {with chances for both sides in a complicated position: Yoo-Burke, Saint Louis 2022.} ) 10...Qg5 $1 {[%c_effect g5;square;g5;type;GreatFind;persistent;true] The most accurate retreat. The difference is that on g5, the queen can go to a5 in some lines.} ( 10...Qg6 {was the move played against Abdusattorov in a 2021 blitz game.} 11.Ne2 Nf6 $2 {[%c_effect f6;square;f6;type;Mistake;persistent;true]} ( 11...Ne7 {is better.} ) 12.Rg1 {White already has a decisive advantage: Abdusattorov-Smirnov, Chess.com (blitz) 2021.} ) 11.Ne2 Ne7 12.Ng3 {The knight is ready to go to the strong e4-square.} 12...e5 $1 {[%c_effect e5;square;e5;type;GreatFind;persistent;true] An excellent novelty and the first choice of the computer. Both players are well prepared, but now Abdusattorov plays a move that his opponent was probably not expecting.} ( 12...Qa5+ {was tried in Gandrud-Nezad, Gibraltar Masters 2014. Now White can achieve a much better position after} 13.b4 $1 {[%c_effect b4;square;b4;type;GreatFind;persistent;true]} 13...Nxb4 14.O-O ) 13.Qb3 $1 {[%c_effect b3;square;b3;type;GreatFind;persistent;true]} ( 13.Ne4 {Erigaisi probably expected this natural move. Black is fine after} 13...Qf4 ) 13...O-O $6 {[%c_effect g8;square;g8;type;Inaccuracy;persistent;true] The Indian GM thought a lot before playing this move. It's impossible to navigate the complications without a prepared analysis.} ( 13...Ng6 {is the computer's favorite move. Obviously, Abdusattorov has a lot of analysis here.} ) 14.h4 Qf6 15.Ne4 Qe6 16.O-O-O {White has a very dangerous initiative, but the opening preparation goes further.} 16...Re8 17.Rhg1 Nf5 18.Bh5 $1 {[%c_effect h5;square;h5;type;GreatFind;persistent;true] Abdusattorov was still playing very quickly. This very strong move is the computer suggestion. Clearly, Erigaisi was caught in a prepared line, and his situation is now very difficult. White attacks the f7-square and threatens 19.Ng5. Another idea of this move is to force ...h6 or ...g6, cutting off the queen's path to the h6-square.} ( 18.Bg4 $2 {[%c_effect g4;square;g4;type;Mistake;persistent;true] is premature. Black is better after} 18...Qh6+ 19.Kb1 Nd4 ) 18...Nd4 $2 {[%c_effect d4;square;d4;type;Mistake;persistent;true] Black's position becomes very dangerous after this natural move.} ( 18...g6 19.Bg4 $1 {[%c_effect g4;square;g4;type;GreatFind;persistent;true]} ) ( 18...h6 19.Bg4 $1 {[%c_effect g4;square;g4;type;GreatFind;persistent;true]} ) ( 18...Qh6+ $1 {[%c_effect h6;square;h6;type;GreatFind;persistent;true] is the right way:} 19.Kb1 Nxd6 20.Rxd6 Qf4 21.Nf6+ Kf8 22.Nxe8 Kxe8 {This chaotic position is better for White after the prophylactic} 23.Ka1 $1 {[%c_effect a1;square;a1;type;GreatFind;persistent;true]} ) 19.Qd3 g6 {White had a big time advantage at this point.} 20.f4 $1 {[%c_effect f4;square;f4;type;GreatFind;persistent;true] Finally, a move that was played after some thought.} 20...c5 $1 {[%c_effect c5;square;c5;type;GreatFind;persistent;true] The best chance. I am amazed at Erigaisi's enormous skill in finding resources to complicate a difficult position with a huge disadvantage on the clock.} 21.fxe5 ( 21.Bxe5 $2 {[%c_effect e5;square;e5;type;Mistake;persistent;true] turns the game around. A beautiful finish is possible:} 21...Nb4 22.Qf1 Nxa2+ 23.Kb1 Nb4 24.Nf6+ Qxf6 25.Bxf6 Bf5+ 26.Kc1 Nb3# ) 21...Nb4 22.Qf1 $1 {[%c_effect f1;square;f1;type;GreatFind;persistent;true] The only square.} 22...Qf5 ( 22...Nxa2+ {is not enough:} 23.Kb1 Qf5 $1 {[%c_effect f5;square;f5;type;GreatFind;persistent;true]} 24.Rxd4 $1 {[%c_effect d4;square;d4;type;GreatFind;persistent;true]} 24...cxd4 25.Bf3 {The knight is trapped and White is winning.} ) 23.Rxd4 $1 {[%c_effect d4;square;d4;type;GreatFind;persistent;true]} 23...cxd4 24.Nf6+ Kh8 25.Bxb4 $1 {[%c_effect b4;square;b4;type;GreatFind;persistent;true]} ( 25.Qxf5 {leads only to equality after} 25...Bxf5 26.Bxb4 gxh5 27.Nxe8 Rxe8 ) 25...Rxe5 26.Bd1 $1 {[%c_effect d1;square;d1;type;GreatFind;persistent;true] After all the complications, the situation finally became a little clearer. White has a great advantage since the two pieces are stronger than the rook—especially the powerful dark-squared bishop.} 26...Be6 27.Bd6 Bxc4 $5 {[%c_effect c4;square;c4;type;Interesting;persistent;true] An interesting tactical try. White replies with a mistake.} 28.Ng4 $2 {[%c_effect g4;square;g4;type;Mistake;persistent;true] After playing the opening and middlegame with magnificent precision, Abdusattorov finally makes a mistake and loses most of his advantage.} ( 28.Qxc4 $2 {[%c_effect c4;square;c4;type;Mistake;persistent;true] doesn't work because the queen is pinned after} 28...Rc8 ) ( 28.Bxe5 $1 {[%c_effect e5;square;e5;type;GreatFind;persistent;true] is the right move, leading to a winning position.} 28...Bxf1 ( 28...Qxe5 29.Ng4 $1 {[%c_effect g4;square;g4;type;GreatFind;persistent;true] White keeps the extra piece, which is much stronger than the three pawns.} ) ( 28...Qxf1 29.Rxf1 Bxf1 30.Bf3 {The position is winning for White, as Black's pawns are going to fall.} ) 29.Ng4+ Qxe5 ( 29...Kg8 30.Nh6+ {wins easily.} ) 30.Nxe5 Rc8+ 31.Kd2 Bc4 32.Nxc4 Rxc4 33.Bb3 Rc7 34.Rg4 {The d4-pawn falls and White wins, although I don't believe that converting this position over the board is as easy as the computer says it should be.} ) 28...Qxf1 ( 28...Bxf1 $2 {[%c_effect f1;square;f1;type;Mistake;persistent;true]} 29.Bxe5+ Qxe5 30.Nxe5 {transposes to a variation analyzed in the previous move.} ) 29.Bxe5+ Kg8 30.Rxf1 Bxf1 31.Nf6+ Kg7 {The endgame remains complicated, but now Black has good drawing chances.} 32.Kd2 ( 32.Bf3 Rc8+ 33.Kd2 b6 {surprisingly, White is not able to create dangerous threats even with such great pieces.} ) 32...Bg2 33.b4 h6 34.Bb3 Kf8 35.Bxd4 Ke7 ( 35...b6 {is a bit more accurate.} ) 36.Ke3 ( 36.Ng4 $1 {[%c_effect g4;square;g4;type;GreatFind;persistent;true] creates good practical chances. Black needs to find} 36...Kf8 $1 {[%c_effect f8;square;f8;type;GreatFind;persistent;true] The point is} ( 36...h5 $2 {[%c_effect h5;square;h5;type;Mistake;persistent;true]} 37.Bc5+ {followed by 38.Ne5, with a winning advantage.} ) 37.Nxh6 Rd8 38.Ke3 Bd5 $1 {[%c_effect d5;square;d5;type;GreatFind;persistent;true] with equality.} ) 36...b6 37.Ng4 Bh3 38.Kf4 ( 38.Bf6+ {leads to perpetual check after} 38...Kd6 39.Be5+ Ke7 ) 38...g5+ ( 38...Bxg4 {is also possible:} 39.Kxg4 Rd8 40.Be3 f6 {Black is not at risk of losing anymore.} ) 39.hxg5 hxg5+ 40.Kg3 Bxg4 41.Kxg4 Rd8 42.Ba1 Rd3 43.Kxg5 a5 44.bxa5 bxa5 {Material is greatly reduced, and a draw seems inevitable.} 45.Bc4 Rd2 46.Kf4 a4 47.Bc3 Rh2 48.Kf5 Rh4 $4 {[%c_effect h4;square;h4;type;Blunder;persistent;true] It's a pity that such a well-played game ends with a blunder.} ( 48...Rh5+ {with an easy draw.} ) 49.Bf6+ 1-0

[Event "U.S. Championship"]
[Site "St Louis"]
[Date "2023.10.08"]
[Round "4"]
[White "Caruana, Fabiano"]
[Black "Swiercz, Dariusz"]
[Result "1-0"]
[WhiteElo "2786"]
[BlackElo "2620"]
[EventDate "2023.??.??"]
[Annotator "Bojkov,Dejan"]
[PlyCount "159"]
[Beauty "5360924491786"]
[EventCountry "USA"]

1.e4 e5 2.Nf3 Nc6 3.Bc4 Nf6 4.d3 Bc5 5.O-O d6 6.c3 a6 7.a4 h6 8.Nbd2 O-O 9.h3 ( {White has many ways to approach this line, one being:} 9.Re1 Ba7 10.Nf1 Be6 11.Bxe6 fxe6 12.Ng3 Qe8 13.b4 Ne7 14.Ra2 Ng6 15.Qb3 Kh8 16.d4 {as in Yu,Y (2735)-Amin,B (2694) Biel 2023} ) 9...a5 10.Re1 Be6 11.b3 Re8 12.Bb5 {For the next three moves White spent a significant amount of time on the clock, apparently trying to figure out how to pose problems to his well-prepared opponent.} 12...Bd7 13.Nf1 Nb8 {Swiercz too, spent a good amount of time for this retreat. Both players are slowing down at the end of the opening, although this position has already been tested in practice.} 14.Bxd7 Nbxd7 {[#]} 15.Ne3 $146 ( {The predecessor game witnessed an uninspired draw after:} 15.Ng3 d5 16.exd5 Nxd5 17.Bd2 Ra6 18.d4 exd4 19.Nxd4 Bxd4 20.Rxe8+ Qxe8 21.cxd4 Nf8 22.Qg4 Qd7 23.Qxd7 Nxd7 {1/2-1/2 (23) Roques,P (2326) -Kibaljnichenko,S (2387) LSS email 2017} ) 15...Bxe3 16.Bxe3 d5 17.exd5 Nxd5 18.Bd2 c5 {\"I played the opening in a terrible way as I often do in the Italian. I do not know why I keep playing it... I got a slightly worse position.\" (Caruana)} 19.Qc2 Qc7 20.Re2 Re6 {Indeed, in a reversed Maroczy-bind type of position Swiercz has extra space and the opportunity to build a kingside attack, whereas Caruana needs to sit passively and wait.} 21.Rae1 Rae8 22.Qb1 N7f6 {The knight is heading to the f4-square. The only problem for the second player is that he is making his moves far too slowly. This impractical approach will have dire consequences in the end.} 23.Nh4 b6 24.Nf5 Qd7 25.Nh4 Nh5 26.g3 ( {It looked safer to play} 26.Nf3 $5 {[%c_effect f3;square;f3;type;Interesting;persistent;true] when White should not worry about the direct attack} 26...Rg6 {with the brilliant idea of} 27.Nxe5 $4 {[%c_effect e5;square;e5;type;Blunder;persistent;true]} ( {But instead White can trade one pair of rooks with} 27.Rxe5 $1 {[%c_effect e5;square;e5;type;GreatFind;persistent;true]} 27...Rxe5 ( {Or} 27...Rxg2+ 28.Kxg2 Ndf4+ 29.Bxf4 Nxf4+ 30.Kg3 $1 {[%c_effect g3;square;g3;type;GreatFind;persistent;true]} ) 28.Nxe5 {and the attack would not work} 28...Rxg2+ 29.Kxg2 Nhf4+ 30.Bxf4 Nxf4+ 31.Kf3 Qxh3+ 32.Kxf4 $1 {[%c_effect f4;square;f4;type;GreatFind;persistent;true]} ( {But not} 32.Ke4 $4 {[%c_effect e4;square;e4;type;Blunder;persistent;true]} 32...f5+ 33.Kxf4 g5# ) 32...g5+ 33.Ke4 {and the king escapes.} ) 27...Rxg2+ $3 {[%c_effect g2;square;g2;type;Brilliant;persistent;true]} 28.Kxg2 Nhf4+ 29.Bxf4 Nxf4+ 30.Kf3 Qxh3+ 31.Kxf4 g5+ 32.Ke4 Rxe5+ $1 {[%c_effect e5;square;e5;type;GreatFind;persistent;true]} 33.Kxe5 Qe6# ) 26...Nhf6 {A pity for Swiercz.} ( {Black could have fixed his advantage instead with} 26...g5 $1 {[%c_effect g5;square;g5;type;GreatFind;persistent;true]} 27.Nf5 Rf6 28.g4 {and now} 28...Ndf4 $3 {[%c_effect f4;square;f4;type;Brilliant;persistent;true]} 29.Bxf4 Nxf4 30.Rxe5 {with the fine point} 30...Rfe6 $3 {[%c_effect e6;square;e6;type;Brilliant;persistent;true]} ( {Instead} 30...Nxh3+ 31.Kf1 Rxe5 32.Rxe5 Re6 {is also an edge for Black, but a very small one as the rooks leave the board.} ) 31.Rxe6 ( {Not} 31.Nxh6+ $2 {[%c_effect h6;square;h6;type;Mistake;persistent;true]} 31...Kh7 {which self-traps the knight.} ) 31...fxe6 {and Black is much better.} ) 27.Nf3 R6e7 {\"A dubious decision, which I understand. He wanted to release the tension because he had thirty seconds.\" (Caruana)} ( {Indeed, better was} 27...Qc7 $1 {[%c_effect c7;square;c7;type;GreatFind;persistent;true] keeping the tension.} ) 28.Rxe5 Rxe5 29.Rxe5 Rxe5 30.Nxe5 Qxh3 31.Qd1 {\"I am definitely not worse anymore. He allows me a pretty risk-free position.\" (Caruana)} 31...Qf5 32.Qe2 Qe6 33.Qe1 Qf5 34.Kg2 h5 {Black's pieces are powerful and therefore he can afford to advance his pawns in front of his own king.} 35.c4 Nc7 36.Qe2 Ne6 37.Nf3 Kf8 38.Bc3 g5 $1 {[%c_effect g5;square;g5;type;GreatFind;persistent;true]} 39.Nd2 h4 40.Ne4 Nxe4 {Swiercz made it to the time control, and Caruana admitted in the short after-match interview that he assessed his winning chances as very low (\"one percent\".)} 41.dxe4 {\"His knight is so good, I cannot create any threats, and my king is vulnerable.\" (Caruana)} 41...Qh7 42.Qg4 hxg3 43.fxg3 Ke7 44.Qf3 Qg6 45.Qd3 Qh5 46.Be5 Ke8 ( {\"The easiest way to force the draw was\" (Caruana):} 46...Nd4 {for example} 47.Bxd4 cxd4 48.Qxd4 Qe2+ 49.Kh3 Qh5+ {with a perpetual.} ) 47.Kg1 $1 {[%c_effect g1;square;g1;type;GreatFind;persistent;true] Now that White dominates in the center, it is Black who has to prove equality. And, as before, he is very short on time.} 47...Qg4 48.Bf6 Kf8 ( {It was not too late for} 48...Nd4 49.Bxd4 Qd7 50.Kf2 cxd4 {although here White assesed the position as unpleasant for his oponent after} ( {But not} 50...Qxd4+ 51.Qxd4 cxd4 52.Ke2 {and White wins the pawn ending (Caruana)} ) 51.e5 ) 49.Kf2 Kg8 50.Qd5 Qh5 {An important moment. Black allows the transition into a pure minor piece endgame where the bishop will be significantly better than the knight.} ( {Caruana knew the better defense} 50...Qh3 $1 {[%c_effect h3;square;h3;type;GreatFind;persistent;true] when} 51.Qa8+ Nf8 52.Be7 {pins the knight indeed, but due to the vulnerable position of the bishop White cannot win in the line} 52...Qh2+ 53.Kf3 Qh1+ 54.Kg4 Qd1+ 55.Kxg5 ( 55.Kf5 $4 {[%c_effect f5;square;f5;type;Blunder;persistent;true]} 55...Qd7+ ) 55...Qd2+ 56.Kh5 Qe2+ 57.Kh4 Qh2+ ) 51.Qa8+ Kh7 52.Qh8+ Kg6 53.Qxh5+ Kxh5 54.Be5 {A few more pawns were traded in the coming moves.} 54...Kg4 55.Bb8 f5 56.exf5 Kxf5 57.Ba7 Nd4 58.Bxb6 Nxb3 59.Ke3 {And it's all come down to a position which might still be a draw, but where very precise play is required.} 59...g4 {\"This is how it kind of starts to snowball. It is draw, it is a draw, then you suddenly have to make one good decision, and suddenly it is not a draw anymore.\" (Caruana)} ( {Black could still have saved the game with} 59...Kg4 $1 {[%c_effect g4;square;g4;type;GreatFind;persistent;true]} 60.Bc7 Kh3 61.Kd3 g4 62.Kc3 Nd4 63.Bxa5 Kxg3 64.Bb6 Ne6 65.a5 Kf2 66.a6 g3 67.a7 g2 68.a8=Q g1=Q ) 60.Bc7 Ke6 61.Ke4 {Both White pieces dominate the board, while Caruana also dominates on the clock.} 61...Nd2+ 62.Kd3 Nb3 63.Bf4 Kf5 ( {Somehow the machine insists that Black can still hold with the strange maneuvers} 63...Nd4 $1 {[%c_effect d4;square;d4;type;GreatFind;persistent;true]} 64.Ke4 ( 64.Be3 Nf5 $1 {[%c_effect f5;square;f5;type;GreatFind;persistent;true]} ) 64...Nf3 65.Bc7 Nd2+ 66.Kd3 Nf3 67.Bxa5 Ne5+ 68.Kc3 Kd7 {but this does not sound right.} ) 64.Be3 Ke5 {The last instructive moment of the game.} 65.Bh6 $3 {[%c_effect h6;square;h6;type;Brilliant;persistent;true] Caruna is perfect $1 White realises that his bishop belongs on the c3-square, from where it fully dominates the knight.} 65...Kf5 ( {Or} 65...Kf6 66.Ke4 $1 {[%c_effect e4;square;e4;type;GreatFind;persistent;true]} 66...Nd4 67.Kd5 Ne2 68.Bd2 Nxg3 69.Bxa5 Ke7 70.Bc7 {and White wins.} ) 66.Bg7 Nc1+ 67.Kd2 Nb3+ 68.Ke3 Kg6 69.Bb2 $1 {[%c_effect b2;square;b2;type;GreatFind;persistent;true]} 69...Kf5 70.Bc3 {Zugzwang.} 70...Kg5 71.Ke4 Kg6 72.Kf4 Kh5 73.Kf5 {Zugzwang again.} 73...Nc1 74.Bxa5 Ne2 75.Bc7 Nd4+ 76.Ke4 Nc6 77.Bd6 Na5 78.Kd5 Kg6 79.Bxc5 Kf5 80.Bb6 1-0